Statistics for Countries with the Least Different Letters A-Z

Click here to take the quiz!

General Stats

  • This quiz has been taken 23 times
    (6 since last reset)
  • The average score is 19 of 24

Answer Stats

LetterNo. of Different LettersCountry% Correct
J4Japan
100%
A5Albania/Andorra/Angola
83%
B4Benin
83%
C4Canada/Chad/Cuba
83%
D7Denmark/Djibouti/Dominica
83%
F3Fiji
83%
H4Haiti
83%
I4India/Iran/Iraq
83%
L4Laos
83%
M4Mali/Malta/Morocco
83%
O4Oman
83%
P4Palau/Panama/Peru
83%
Q4Qatar
83%
R5Russia/Rwanda
83%
T3Togo
83%
U5Uganda/Uruguay
83%
V5Vanuatu
83%
Y4Yemen
83%
E5Egypt
67%
G4Ghana/Greece
67%
N4Nauru
67%
Z5Zambia
67%
S4Samoa
50%
K4Kosovo
33%

Score Distribution

Percentile by Number Answered

Percent of People with Each Score

Your Score History

You have not taken this quiz since the last reset